000 00846nam a2200217Ia 4500
003 GCL
005 20240530102527.0
008 140319s9999 xx 000 0 ara d
020 _a855401977
040 _aGCL /
_cGCL
082 0 4 _a962.031
_bق/ع ع
100 1 _aعبدالمنعم ابراهيم الجميعى
245 1 0 _aعصر محمد على :
_bدراسة وثائقية /
_cعبدالمنعم ابراهيم الجميعى
260 _aالقاهرة :
_bالهيئة المصرية العامة للكتاب ،
_c2003
300 _a558 ص ؛
_c22 سم
490 _aتاريخ المصريين
_v242
650 0 4 _aمصر - تاريخ - العصر الحديث - عصر محمد على ( 1805- 1849 م )
650 0 4 _aمصر - المعاهدات
650 0 4 _aمصر - الاحوال الاقتصادية
942 _2ddc
_cBK
999 _c32874
_d32874